| 000 | 00981nam a22003137a 4500 | ||
|---|---|---|---|
| 001 | 51855185 | ||
| 003 | OCoLC | ||
| 005 | 20210426095031.0 | ||
| 008 | 030304s2004 at b 001 0 eng | ||
| 010 | _a 2003-44003 | ||
| 016 | 7 |
_a101170256 _2DNLM |
|
| 020 | _a0766841391 | ||
| 040 |
_aDNLM/DLC _cDLC _dNLM _dC#P _beng |
||
| 041 | _aeng | ||
| 042 | _apcc | ||
| 049 | _aYYEA | ||
| 080 |
_a614 _bC-21 |
||
| 096 | _aWY 106 C319c 2004 | ||
| 100 | 1 | _aCarroll, Patricia L. | |
| 245 | 1 | 0 |
_aCommunity health nursing : _ba practical guide / _c/ by: Thomason/Delmar Learning, |
| 260 |
_aAustralia ; _aClifton Park, NY : _bThomason/Delmar Learning, _cc2004. |
||
| 300 |
_axv, 220 p. ; _c23 cm. |
||
| 504 | _aIncludes bibliographical references and index. | ||
| 590 | _ac.1 2300000243 Ritt 10/16/03 $22.00. | ||
| 650 | 1 | 2 | _aCommunity Health Nursing. |
| 650 | 1 | 0 |
_aPublic Health _9337 |
| 653 | _aსაზოგადოებრივი ჯანდაცვა | ||
| 942 |
_2udc _cBK |
||
| 999 |
_c871 _d871 |
||